• 首页
  • 本馆介绍
  • 公告通知
  • 最新文献
  • 馆藏检索
  • 电子资源
  • 读者导购
  • 参考咨询
  • 我的图书馆
  • 登录
  • 详细信息显示
  • 放入我的书架
  • 预约/预借图书
  • 作者相关作品
  • 分类相关作品
  • 丛书相关作品
  • 出版社相关作品

书目信息

  • 表格格式
  • 工作单格式
  • 卡片格式
题名:
黑洞与弯曲时空
    
 
作者: 考夫曼 , Kaufmann 著 ;何妙福 , 车饱印 译
分册:  
出版信息: 北京   科学出版社  1987
页数: 169页
开本: 19cm
丛书名:
单 册:
中图分类: P145.8
科图分类:
主题词: 黑洞
电子资源:
ISBN:
000 00917nam0 2200313 45
001 0187009599
005 20040706113719.1
010    @dCNY2.45
091    @a13031.3621
100    @a19900808d1987 em y0chiy0121 ea
101 1  @achi@ceng
102    @aCN@b110000
105    @af z 000yy
106    @ar
200 10 @a黑洞与弯曲时空@Ahei dong yu wan qu shi kong@f(美)考夫曼(Kaufmann,W.J.)著@g何妙福,车饱印译
210    @a北京@c科学出版社@d1987
215    @a169页@c彩图@d19cm
300    @a书名原文:Black holes and warped spacetime
510 1  @aBlack holes and warped spacetime@zeng
606    @a黑洞
610 0  @a弯曲时间
690    @aP145.8@v3
701  1 @a考夫曼@Akao fu man@bW.J.@4著
701 A1 @aKaufmann@bW.J.@4著
702  0 @a何妙福@Ahe miao fu@4译
702  0 @a车饱印@Ache bao yin@4译
801  0 @aCN@b深圳图书馆@c20040706
801  2 @aCN@bNLC@c20040706
905    @f1@b204943@dP145.8@e57
    
    黑洞与弯曲时空/(美)考夫曼(Kaufmann,W.J.)著/何妙福,车饱印译.-北京:科学出版社,1987
    169页:彩图;19cm
    书名原文:Black holes and warped spacetime
    
    ISBN :CNY2.45
    
●
相关链接 在E读中查询图书 在五车中查询图书 在当当中查询图书 在豆瓣中查询图书


正题名:黑洞与弯曲时空     索取号:P145.8/57         预约/预借

序号 登录号 条形码 馆藏地/架位号 状态 备注
1 0204943   001930441   第三借阅区/ [索取号:P145.8/57] 在馆    
2 0204944   000628912   第二样本阅览室/ [索取号:P145.8/57] 在馆    
唐山师范学院图书馆 欢迎您!
大连网信软件有限公司© 版权所有